भारतीय चित्रकला में संगीत तत्व / (Record no. 151892)

MARC details
000 -LEADER
fixed length control field 01378nam a22002297a 4500
005 - DATE AND TIME OF LATEST TRANSACTION
control field 20180521153711.0
010 ## - LCCN (DPL NO)
LC control number राष्ट्रपति-2 B-691687
020 ## - INTERNATIONAL STANDARD BOOK NUMBER
Terms of availability 325.00
International Standard Book Number 8123003188
035 ## - SYSTEM CONTROL NUMBER
System control number B-691687
037 ## - SOURCE OF ACQUISITION
Source of stock number/acquisition नार्दन इंडिया
082 ## - DEWEY DECIMAL CLASSIFICATION NUMBER
Classification number 759.54
100 ## - MAIN ENTRY--PERSONAL NAME
Personal name रविश्वकर्मा,रामकुमार
245 ## - TITLE STATEMENT
Title भारतीय चित्रकला में संगीत तत्व /
Statement of responsibility, etc रामकुमार विश्वकर्मा
260 ## - PUBLICATION, DISTRIBUTION, ETC. (IMPRINT)
Place of publication, distribution, etc नई दिल्ली
Name of publisher, distributor, etc प्रकाशन विभाग
Date of publication, distribution, etc 1918
270 ## - ADDRESS
City नई दिल्ली
Postal code 110003
Address सी.जी.ओ.काम्प्लेक्स, लोदी रोड
300 ## - PHYSICAL DESCRIPTION
Extent 76पृ.
Dimensions 25सेमी.(सजिल्द)
Other physical details सचित्र
500 ## - GENERAL NOTE
General note राष्ट्रपति-2
505 ## - FORMATTED CONTENTS NOTE
Formatted contents note बायोग्राफी चित्रकला / संदर्भ सूचि
700 ## - ADDED ENTRY--PERSONAL NAME
Personal name राय, स्नेह
942 ## - ADDED ENTRY ELEMENTS (KOHA)
Source of classification or shelving scheme Dewey Decimal Classification
Item type Hindi Books
Call number suffix विश्वक
Classification part 759.54
Holdings
Withdrawn status Lost status Not for loan Collection code Home library Current library Date acquired Source of acquisition Cost, normal purchase price Full call number Barcode Copy number Cost, replacement price Koha item type
      Non-fiction Mobile Library Mobile Library 21/05/2018 नार्थ इंडिया-BL SPL -112/5.5.18/445/4.5.18/9.5.18 325.00 759.54 विश्वक B-691687 1 325.00 Hindi Books

© Delhi Public Library
Hit Counter
free hit counter